A Global Warning? : (Record no. 11542)

MARC details
000 -LEADER
fixed length control field 01971nam a22002657a 4500
008 - FIXED-LENGTH DATA ELEMENTS--GENERAL INFORMATION
fixed length control field 090517t xxu||||| |||| 00| 0 eng d
020 ## - INTERNATIONAL STANDARD BOOK NUMBER
International Standard Book Number 1422906507
082 ## - DEWEY DECIMAL CLASSIFICATION NUMBER
Classification number 551.5
Item number HIS
245 ## - TITLE STATEMENT
Title A Global Warning? :
Remainder of title After 650 million years of climate change, is global warming simply a naturally occuring phenomenom, or the result of human activity? /
Medium [videorecording] :
Statement of responsibility, etc written & directed by Alex Hearle ; produced by Pioneer Productions for the History Channel.
260 ## -
-- New York :
-- A & E Television Networks,
-- c2008.
300 ## - PHYSICAL DESCRIPTION
Extent 1 videodiscs of 1 (DVD) (ca. 94 min.) :
Other physical details sd., col., stero ;
Type of unit 1 disc DVD
Dimensions 4 3/4 in.
306 ## -
-- 94 min.
440 ## -
-- 4743
500 ## - GENERAL NOTE
General note Audiovisuals.
520 ## - SUMMARY, ETC.
Summary, etc Arctic ice is melting, sea levels are rising and glaciers are shrinking at alarming rates. And the Earth is getting unmistakably warmer. But is this vast potentially catastrophic climate change the result of human behavior? Or is it simply the Earth's natural cycle of warming and cooling periods that have occurred since the planet formed? An in-depth study of the science behind this controversial hot-button issue. Scientists explore the skies to examine the warming effects of the sun and dig deep into the Earth to study continental movement and the volatile activity at the planet's core. Experts speculate on how natural events including volcanic eruptions and massive meteor impacts have affected temperatures and weather systems over the planet's 600-million-year history.
650 ## - SUBJECT ADDED ENTRY--TOPICAL TERM
Topical term or geographic name as entry element Global warming.
9 (RLIN) 4778
650 ## - SUBJECT ADDED ENTRY--TOPICAL TERM
Topical term or geographic name as entry element Climatic changes
9 (RLIN) 4778
Form subdivision History.
650 ## - SUBJECT ADDED ENTRY--TOPICAL TERM
Topical term or geographic name as entry element Greenhouse effect, Atmospheric.
9 (RLIN) 4778
Form subdivision History.
650 ## - SUBJECT ADDED ENTRY--TOPICAL TERM
Topical term or geographic name as entry element Ice caps.
9 (RLIN) 4779
650 ## - SUBJECT ADDED ENTRY--TOPICAL TERM
Topical term or geographic name as entry element Global temperature changes
9 (RLIN) 4780
650 ## - SUBJECT ADDED ENTRY--TOPICAL TERM
9 (RLIN) 4746
650 ## - SUBJECT ADDED ENTRY--TOPICAL TERM
9 (RLIN) 4747
942 ## - ADDED ENTRY ELEMENTS (KOHA)
Source of classification or shelving scheme Dewey Decimal Classification
Koha item type
Holdings
Withdrawn status Lost status Source of classification or shelving scheme Damaged status Not for loan Collection code Home library Current library Shelving location Date acquired Source of acquisition Total Checkouts Full call number Barcode Date last seen Date checked out Price effective from Koha item type
    Dewey Decimal Classification     Baccah Central Library Central Library First floor 18/05/2009   2 551.5 HIS 000016362 24/08/2022 04/10/2011 18/05/2009 CD | DVD - (NB)